Visual Basics 4 Network Gaming Adventure Set : The best way to create your own multiplayer games with visual basic 4 : (Record no. 160)
[ view plain ]
| 000 -LEADER | |
|---|---|
| fixed length control field | 00377 a2200109 4500 |
| 020 ## - INTERNATIONAL STANDARD BOOK NUMBER | |
| International Standard Book Number | 1883577322 |
| 082 ## - DEWEY DECIMAL CLASSIFICATION NUMBER | |
| Classification number | 005.4469 ALL |
| 100 ## - MAIN ENTRY--PERSONAL NAME | |
| Personal name | Allen, David |
| 245 ## - TITLE STATEMENT | |
| Title | Visual Basics 4 Network Gaming Adventure Set : The best way to create your own multiplayer games with visual basic 4 : |
| 260 ## - PUBLICATION, DISTRIBUTION, ETC. | |
| Place of publication, distribution, etc. | United states of America |
| Name of publisher, distributor, etc. | Keith Weiskamp |
| Date of publication, distribution, etc. | 1995 |
| 300 ## - PHYSICAL DESCRIPTION | |
| Extent | xxiv, 694p. : |
| Dimensions | 25cm |
| Accompanying material | CD |
| 650 ## - SUBJECT ADDED ENTRY--TOPICAL TERM | |
| Topical term or geographic name entry element | David Allen |
| Withdrawn status | Lost status | Damaged status | Not for loan | Permanent Location | Current Location | Shelving location | Date acquired | Total Checkouts | Full call number | Barcode | Date last seen | Price effective from | Koha item type |
|---|---|---|---|---|---|---|---|---|---|---|---|---|---|
| School of Civil and Environmental Engineering (SCEE) | School of Civil and Environmental Engineering (SCEE) | 005.4469 ALL | NIT-2666 | 01/05/2017 | 01/05/2017 | Book |
